| 000 | 00569nam a2200169 4500 | ||
|---|---|---|---|
| 001 | 145180 | ||
| 003 | ES-MaACL | ||
| 005 | 20230906201158.0 | ||
| 007 | t| | ||
| 008 | 070214s1947 ag r ||||1| spa d | ||
| 100 | 1 |
_aSousa Ferraz, Joâo de. _9107581 |
|
| 245 | 1 | 0 |
_aNociones de psicología del niño / _cJoâo de Sousa Ferraz ; nueva versión castellana de la segunda edición brasileña por M. J. de Sosa. |
| 260 |
_aBuenos Aires : _bAmericalee, _c1947. |
||
| 300 |
_a238 p. ; _c21 cm. |
||
| 700 | 1 |
_aSosa, M. J. de. _9107436 |
|
| 852 |
_aES-MaACL _jC-4388 _bR.24219 |
||
| 999 |
_c145180 _d145180 |
||